000 00539nam a2200169 a 4500
001 000029417
005 20200930055533.0
008 110415s1989 dr ac 000 0 spa d
040 _aDO-SdBNP
_bspa
_cBNPHU
082 _axxx
_bF673
110 1 _aFondo de Naciones Unidas para la Infancia
_934698
245 1 3 _aLa cooperación del UNICEF en la República Dominicana.
260 _aSanto Domingo :
_bUNICEF,
_c1989.
300 _a32 P. :
_bil., retr. ;
_c28 cm.
710 2 _aFondo de Naciones Unidas para la Infancia
_934698
049 _aBNPD
999 _c28909
_d28909